Sports Quiz

Random Sports or Baseball Quiz

MLB 2000s .300-30-100 Quiz Stats

 Plays Quiz not verified by Sporcle

Challenge
Share
Tweet
Embed
Score 0/122 Timer 14:00
0 Plays Today
Year Player % Correct
2000Alex Rodriguez
96.6%
2001Alex Rodriguez
96.6%
2002Alex Rodriguez
96.6%
2005Alex Rodriguez
96.6%
2001Albert Pujols
96.3%
2002Albert Pujols
96.3%
2003Albert Pujols
96.3%
2004Albert Pujols
96.3%
2005Albert Pujols
96.3%
2006Albert Pujols
96.3%
2007Albert Pujols
96.3%
2008Albert Pujols
96.3%
2009Albert Pujols
96.3%
2007Alex Rodriguez
96.2%
2008Alex Rodriguez
96.2%
2000Barry Bonds
95.9%
2001Barry Bonds
95.9%
2002Barry Bonds
95.9%
2004Barry Bonds
95.9%
2000Manny Ramirez
94.9%
2001Manny Ramirez
94.9%
2002Manny Ramirez
94.9%
2003Manny Ramirez
94.9%
2004Manny Ramirez
94.9%
2006Manny Ramirez
94.9%
2008Manny Ramirez
94.9%
2001Aramis Ramirez
94.2%
2004Aramis Ramirez
94.2%
2004David Ortiz
92.8%
2005David Ortiz
92.8%
2007David Ortiz
92.8%
2000Sammy Sosa
91.6%
2001Sammy Sosa
91.6%
2000Luis Gonzalez
91.5%
2001Luis Gonzalez
91.5%
2001Juan Gonzalez
90.9%
2006Ryan Howard
88.9%
2005Miguel Cabrera
88.6%
2007Miguel Cabrera
88.6%
2009Miguel Cabrera
88.6%
2000Chipper Jones
88.5%
Year Player % Correct
2001Chipper Jones
88.5%
2000Andruw Jones
88.2%
2000Todd Helton
87.8%
2001Todd Helton
87.8%
2002Todd Helton
87.8%
2003Todd Helton
87.8%
2000Jeff Bagwell
85.3%
2000Jason Giambi
83.3%
2001Jason Giambi
83.3%
2002Jason Giambi
83.3%
2009Ryan Braun
83.2%
2002Jim Thome
82.6%
2001Lance Berkman
81.8%
2004Lance Berkman
81.8%
2006Lance Berkman
81.8%
2000Frank Thomas
81.4%
2001Larry Walker
81%
2000Vladimir Guerrero
79.8%
2001Vladimir Guerrero
79.8%
2002Vladimir Guerrero
79.8%
2004Vladimir Guerrero
79.8%
2005Vladimir Guerrero
79.8%
2006Vladimir Guerrero
79.8%
2004Adrian Beltre
78.7%
2005Mark Teixeira
78.1%
2007Mark Teixeira
78.1%
2008Mark Teixeira
78.1%
2000Carlos Delgado
78%
2003Carlos Delgado
78%
2005Carlos Delgado
78%
2006Chase Utley
77.6%
2006Carlos Lee
77.5%
2007Carlos Lee
77.5%
2005Derrek Lee
77.4%
2009Derrek Lee
77.4%
2002Miguel Tejada
77%
2004Miguel Tejada
77%
2006Paul Konerko
75.6%
2000Edgar Martinez
75.4%
2000Gary Sheffield
75.3%
2001Gary Sheffield
75.3%
Year Player % Correct
2003Gary Sheffield
75.3%
2002Alfonso Soriano
74.1%
2001Jim Edmonds
73.5%
2004Jim Edmonds
73.5%
2000Jeff Kent
73.1%
2002Jeff Kent
73.1%
2006Matt Holliday
72%
2007Matt Holliday
72%
2008Josh Hamilton
70.5%
2000Bernie Williams
69.5%
2000Mike Piazza
69.1%
2006Justin Morneau
67.8%
2000Magglio Ordonez
67.7%
2001Magglio Ordonez
67.7%
2002Magglio Ordonez
67.7%
2007David Wright
67.5%
2008David Wright
67.5%
2000Jermaine Dye
63.4%
2006Jermaine Dye
63.4%
2004Scott Rolen
62%
2001Bret Boone
61.5%
2004Bobby Abreu
54.4%
2005Jason Bay
52.9%
2000Moises Alou
52.6%
2000Brian Giles
52.1%
2005Travis Hafner
51.3%
2006Travis Hafner
51.3%
2003Vernon Wells
51.2%
2006Vernon Wells
51.2%
2000Richard Hidalgo
46.5%
2000Phil Nevin
37.5%
2001Phil Nevin
37.5%
2001Fred McGriff
36.9%
2003Aubrey Huff
29.5%
2008Aubrey Huff
29.5%
2009Adam Lind
20.3%
2009Kendrys Morales
18.1%
2001Cliff Floyd
17.4%
2000Carl Everett
14.3%
2000Bobby Higginson
10%

You're not logged in!

Compare scores with friends on all Sporcle quizzes.
Join for Free
OR
Log In

You Might Also Like...

Show Comments

Extras

Top Quizzes Today


Score Distribution

Your Account Isn't Verified!

In order to create a playlist on Sporcle, you need to verify the email address you used during registration. Go to your Sporcle Settings to finish the process.

Report this User

Report this user for behavior that violates our Community Guidelines.

Details: